| 000 | 01746 a2200205 4500 | ||
|---|---|---|---|
| 001 | 41313 | ||
| 005 | 20260407155707.0 | ||
| 008 | 260407a2016 arg spa d | ||
| 003 | AR-UNSa-BCEJYS | ||
| 040 |
_aAR-UNSa-BCEJYS _bspa _cAR-UNSa-BCEJYS |
||
| 080 |
_a34:004 _xDerecho informatico (firma digital, etc.) |
||
| 245 | 1 | 0 | _aNotificaciones electrónicas |
| 264 | 1 |
_aBuenos Aires : _bErreius _c2016 |
|
| 300 |
_a127 p. _c26 cm. |
||
| 505 | _aI. Nacional: 1. Aspectos prácticos del sistema de notificación electrónica / Juan M. Villoldo - 2. Novedades jurisprudenciales sobre la notificación electrónica / Juan M. Villoldo - 3. Notificación electrónica en el PJN: ¿un primer paso hacia el expediente digital? / Matías S. Núñez - II. Provincial: 1. Implementación del sistema de notificación electrónica en la Provincia de Buenos Aires / Eugenia Pruzzo - 2. Presentaciones y notificaciones electrónicas en la Provincia de Buenos Aires. Obtención del certificado digital / Matías D. Alvarez Chaffer - 3. Guía práctica sobre la utilización del sistema de presentaciones y notificaciones electrónicas en la Provincia de Buenos Aires / Matías D. Alvarez Chaffer - 4. Preguntas frecuentes sobre el sistema de presentaciones y notificaciones electrónicas en la Provincia de Buenos Aires / Matías D. Alvarez Chaffer - 5. Mandato judicial, ¿escritura pública o instrumento privado? Reflexión acerca de la presentación de escritos electrónicos / Toribio E. Sosa - El papel sigue vigente (para bien o para mal) / Pablo A. Grillo Ciocchini | ||
| 041 | _aspa | ||
| 942 | _cBK | ||
| 590 | _aniveau_biblio:m niveau_hierar:0 | ||
| 856 | 4 | 1 |
_uhttps://biblioeco.unsa.edu.ar/pmb/images/libros/E00027_01.jpg _yImagen de portada _qimage/jpeg |
| 999 |
_c3456 _d3456 |
||